| 000 | 01232nam a2200277 a 4500 | ||
|---|---|---|---|
| 003 | OSt | ||
| 005 | 20231201104700.0 | ||
| 007 | cr ||||||a|caa | ||
| 008 | 231129s2023 |||a|||fom||| 00| 0 spa d | ||
| 040 | _erda | ||
| 100 | 1 |
_9188326 _aLópez García, Edith |
|
| 245 | 1 | 0 |
_aRespuestas en el crecimiento de plantas de maíz (Zea mays), frijol (Phaseolus vulgaris) y tomate (Physalis ixocarpa) a la aplicación de cobalto/ _cpor Edith López García; director de tesis Sara Montzerrat Ramírez Olvera |
| 264 |
_aChapingo, México : _bEl autor, _c2023. |
||
| 300 |
_a1 recurso en línea (64 páginas): _bilustraciones. |
||
| 336 |
_2rdacontent _atexto _btxt |
||
| 337 |
_2rdamedia _acomputadora _bc |
||
| 338 |
_2rdacarrier _arecurso en línea _bcr |
||
| 502 |
_bLAHP _cFitotecnia _d2023. _gLIC |
||
| 504 | _aIncluye referencias bibliográficas: páginas 34-37, 51-53. | ||
| 650 | 4 |
_9135164 _aCobalto _xEfecto en semillas |
|
| 650 | 4 |
_9103903 _aSemillas _xGerminación |
|
| 650 | 4 |
_9146490 _aPromotores de crecimiento |
|
| 700 | 1 |
_9128668 _aRamírez Olvera, Sara Monzerrat _edirector. |
|
| 856 |
_uhttp://10.13.5.2/tesis/tl/1112367-6_LOPEZ_GARCIA_EDITH.pdf _zDESCARGAR PDF |
||
| 942 |
_2Clasificación Universidad Autónoma Chapingo _cTD |
||
| 999 |
_c219467 _d219467 |
||